Gaming Quiz

Random Gaming or Pokémon Quiz

A-Z Abilities Quiz Stats

 Plays Quiz not verified by Sporcle

Score 0/22 Timer 09:00
0 Plays Today
Ability Pokemon % Correct
BlazeCharmander/Charmeleon/Charizard/Cyndaquil/Quilava/Typhlosion/Torchic/Combusken/Blaziken/Chimchar/Monferno/Infernape
98%
DownloadPorygon/Porygon 2/Porygon-Z
97%
Color ChangeKecleon
94.6%
Flash FireVulpix/Ninetales/Growlithe/Arcanine/Ponyta/Rapidash/Flareon/Houndour/Houndoom/Heatran
94%
Effect SporeParas/Parasect/Shroomish/Breloom
90.6%
MultitypeArceus
83.6%
Anger PointMankey/Primeape/Tauros
83.3%
Lightning RodCubone/Marowak/Rhyhorn/Rhydon/Electrike/Manectric/Rhyperior
82.9%
Serene GraceHappiny/Chansey/Blissey/Togepi/Togetic/Togekiss/Dunsparce/Jirachi
79.9%
Rain DishLotad/Lombre/Ludicolo
78.9%
Volt AbsorbJolteon/Chinchou/Lanturn
78.6%
Ability Pokemon % Correct
Own TempoSlowpoke/Slowbro/Slowking/Lickitung/Lickilicky/Smeargle/Spoink/Grumpig/Spinda/Glameow/Purugly
77.9%
ImmunitySnorlax/Zangoose
71.9%
KlutzBuneary/Lopunny
65.2%
Pure PowerMeditite/Medicham
65.2%
NormalizeSkitty/Delcatty
64.5%
HustleTogepi/Togetic/Togekiss/Corsola/Remoraid/Delibird
61.9%
Tinted LensVenonat/Venomoth/Illumise/Yanmega
61.9%
UnburdenDrifloon/Drifblim
53.2%
GluttonyShuckle/Zigzagoon/Linoone
51.5%
Water Veil Goldeen/Seaking/Wailmer/Wailord
50.5%
Quick FeetGranbull/Teddiursa/Ursaring/Poochyena/Mightyena
49.5%

You're not logged in!

Compare scores with friends on all Sporcle quizzes.
OR
Log In

Show Comments

Extras

Top Quizzes Today


Score Distribution

Your Account Isn't Verified!

In order to create a playlist on Sporcle, you need to verify the email address you used during registration. Go to your Sporcle Settings to finish the process.

Report this User

Report this user for behavior that violates our Community Guidelines.

Details: